Olivia Rodrigo song lyrics - No hints ! @12 - Statistics

General Stats
  • This quiz has been taken 86 times
  • The average score is 264 of 359
Answer Stats
Answer % Correct
I
100%
know
89%
Know
89%
you
89%
be
84%
I'm
84%
me
84%
so
84%
love
82%
your
82%
And
80%
got
80%
my
80%
the
80%
To
80%
to
80%
we
80%
do
78%
for
78%
For
78%
that
78%
you're
78%
about
76%
But
76%
but
76%
drive
76%
drivers
76%
hear
76%
how
76%
How
76%
Just
76%
just
76%
like
76%
week
76%
were
76%
we're
76%
always
73%
can't
73%
Can't
73%
in
73%
last
73%
license
73%
no
73%
talked
73%
Who
73%
'Cause
71%
'cause
71%
could
71%
feel
71%
girl
71%
I've
71%
never
71%
Now
71%
now
71%
Oh
71%
one
71%
perfect
71%
way
71%
werent
71%
weren't
71%
all
69%
ever
69%
excited
69%
house
69%
made
69%
see
69%
still
69%
alone
67%
blonde
67%
drove
67%
felt
67%
finally
67%
gone
67%
imagine
67%
lights
67%
past
67%
Red
67%
signs
67%
Stop
67%
than
67%
this
67%
through
67%
today
67%
up
67%
with
67%
around
64%
babe
64%
everything
64%
face
64%
fucking
64%
insecure
64%
mean
64%
much
64%
okay
64%
said
64%
She's
64%
someone
64%
sorry
64%
street
64%
suburbs
64%
voice
64%
Crying
62%
didn't
62%
doubt
62%
else
62%
forever
62%
friends
62%
laughing
62%
miss
62%
Of
62%
older
62%
probably
62%
used
62%
are
60%
places
60%
what
60%
wrote
60%
Yeah
60%
Guess
58%
guess
58%
song
58%
them
58%
they'll
58%
tired
58%
traffic
58%
was
58%
hearing
56%
home
56%
kinda
56%
cars
53%
driving
53%
Over
53%
blue
51%
noise
51%
pictured
51%
white
51%
Front
49%
God
49%
yards
47%
Ooh
40%
Sidewalks
38%
crossed
36%
No matching quizzes found
Score Distribution
Percent of People with Each Score
Percentile by Number Answered
Your Score History
You have not taken this quiz